000
00283nam a22001337a 4500
008
170303b xxu||||| |||| 00| 0 eng d
020
_a
9780321000385
041
_a
eng
080
_2
5 ED
_a
575
100
_a
6
101
_a
SHM
245
_a
GENETICS
_c
RUSSELL.P.J
942
_2
udc
_c
BK
999
_c
6716
_d
6716